| 000 | 00694nam a2200217 a 4500 | ||
|---|---|---|---|
| 008 | 960226s1961||||[C 0 cze c | ||
| 040 |
_aSNK _bslo _cSNK _eAACR2 |
||
| 041 | 1 | _acze | |
| 044 | _aCZ | ||
| 080 | _a930.9"19"(093.3) | ||
| 100 | 1 | _4aut | |
| 245 | 1 | 0 |
_aDvacáté století _cPhilip. L. Cottrell ; Z angl. orig. přel.: Monika Vosková, Jaroslav Vacek, Eva Vacková, Svantovít Vošmera _bKniha o věde a technice |
| 260 |
_aPraha _c1961 _bOrbis |
||
| 700 | 1 |
_aVosková, Monika _4trl |
|
| 700 | 1 |
_aVacek, Jaroslav _4trl |
|
| 700 | 1 |
_aVacková, Eva _4trl |
|
| 700 | 1 |
_aVošmera, Svantovít _4trl |
|
| 765 | 0 | _tEvents a Chronicle of the Twentieth Century | |
| 020 | _c49 | ||
| 958 | _aA | ||
| 999 |
_c19226 _d19226 |
||